000 00292nam a2200109Ia 4500
008 200302s9999 xx 000 0 und d
100 _aShashikant B. Sawant
245 _aThe City of Poona A Study in Urban Geography
260 _bG. J. Abghyankar Published
260 _c1978
300 _a176 P.,
999 _c2180
_d2180